Enfoirés : titre des spectacles - Statistiques

Statistiques générales
  • Ce quiz a été pris 119 fois
    4 depuis la dernière actualisation
  • Le résultat moyen est 10 sur 36
Statistiques - réponses
Année Indice d'intitulé Réponse % Correct
2013 La ____ à musique des Enfoirés La Boite à musique des Enfoirés
100%
2010 Les Enfoirés ... la ____ de nerfs Les Enfoirés ... la crise de nerfs
100%
2016 Au ____-vous des Enfoirés Au rendez-vous des Enfoirés
75%
2023 Enfoirés un jour, ______ ! Enfoirés un jour, toujours !
75%
2012 Le _____ des Enfoirés Le Bal des Enfoirés
75%
2019 Le ____ des Enfoirés Le Monde des Enfoirés
75%
2004 Les Enfoirés dans l'_____ Les Enfoirés dans l'espace
75%
2009 Les Enfoirés font leur _____ Les Enfoirés font leur cinéma
75%
2015 Sur la _____ des Enfoirés Sur la route des Enfoirés
75%
2026 La ___ des Enfoirés La ballade des Enfoirés
50%
2002 Tous dans le même ____ Tous dans le même bateau
50%
2011 Dans l'____ des Enfoirés Dans l'oeil des Enfoirés
25%
1998 Enfoirés en _____ Enfoirés en coeur
25%
1996 La _____ des Enfoirés La Soirée des Enfoirés
25%
2000 Les Enfoirés en ____ Les Enfoirés en 2000
25%
2001 L'____ des Enfoirés L'Odyssée des Enfoirés
25%
2017 _______ Enfoirés Mission Enfoirés
25%
1989 ____ d'Enfoirés Tournée d'Enfoirés
25%
2022 Un ___ d'Enfoirés Un air d'Enfoirés
25%
2025 Au ___ des Enfoirés Au pays des Enfoirés
0%
2014 Bon _____ les Enfoirés Bon anniversaire les Enfoirés
0%
1999 Dernière ____ avant l'an 2000 Dernière Edition avant l'an 2000
0%
2024 Enfoirés On a __ ___ ! Enfoirés On a 35 ans !
0%
2007 La _____ des Enfoirés La Caravane des Enfoirés
0%
2003 La ____ aux Enfoirés La Foire aux Enfoirés
0%
1992 La Soirée des Enfoirés à l'_____ La Soirée des Enfoirés à l'Opéra
0%
2020 Le ____(s) des Enfoirés Le Pari(s) des Enfoirés
0%
2021 Les Enfoirés à ___ de ___ Les Enfoirés à côté de vous
0%
1995 Les Enfoirés à l'_____ Comique Les Enfoirés à l'Opéra-Comique
0%
1994 Les Enfoirés au Grand _____ Les Enfoirés au Grand Rex
0%
1993 Les Enfoirés chantent _____ Les Enfoirés chantent Starmania
0%
2018 Les Enfoirés : _____ ! Les Enfoirés : Musique !
0%
2008 Les _____ des Enfoirés Les Secrets des Enfoirés
0%
2005 Le ____ des Enfoirés Le Train des Enfoirés
0%
2006 Le ____ des Enfoirés Le Village des Enfoirés
0%
1997 Le _____ des Enfoirés Le Zénith des Enfoirés
0%
Aucun quiz correspondant
Distribution des résultats
% des personnes avec chaque résultat
Percentile par nombre de réponses
Votre historique - résultats
Vous n’avez pas pris ce quiz depuis la dernière actualisation